000 00396nam a22001697a 4500
005 20230817094957.0
008 230817b |||||||| |||| 00| 0 eng d
020 _a8126504188
082 _a005.86
_bGRU-M
100 _aGrune,Dick
245 _aModern Compiler Design
260 _aIndia
_bWiley
_c2000
300 _a735 pages
500 _aInclude Index.
650 _aCompiler
999 _c33251
_d33251